| 000 | 00552nam a2200193 4500 | ||
|---|---|---|---|
| 999 |
_c171841 _d171841 |
||
| 005 | 20200121165431.0 | ||
| 010 | _aENG-127494 | ||
| 020 |
_c150.00 _a9788187649137 |
||
| 035 | _aEN-111026 | ||
| 037 | _bDBAD/PUB | ||
| 082 | _aS | ||
| 100 | _aAshokamitran | ||
| 245 |
_aWater _cby Ashokamitran ; translated by Lakshmi Holmstrom |
||
| 260 |
_aNew Delhi _bKatha Urdu Library _c1998 |
||
| 270 |
_aA-3 Sarvodaya Enclave Sri Aurobindo Marg _bNew Delhi _e110017 |
||
| 300 |
_a156p. _c21cm(hb) |
||
| 700 | _a Holmstrom,Lakshmi | ||
| 942 |
_2ddc _cEN _hS _mASH |
||